[Event "MCR_SF21"]
[Site "?"]
[Date "2009.??.??"]
[Round "?"]
[White "Smolka, Jan"]
[Black "Slavik, Miroslav"]
[Result "1-0"]
[WhiteElo "2023"]
[BlackElo "2274"]
[PlyCount "47"]
[EventDate "2009.??.??"]
[EventType "corr"]
[EventRounds "2"]

1. d4 d5 2. Nf3 Nf6 3. e3 e6 4. Bd3 c5 5. c3 Nbd7 6. Nbd2 Bd6 7. O-O O-O 8. Re1
Qc7 9. e4 cxd4 10. cxd4 dxe4 11. Nxe4 Nxe4 12. Rxe4 h6 13. Bxh6 f5 14. Rxe6
gxh6 15. Rc1 Qb8 16. Qb3 Kh8 17. Rxh6+ Kg7 18. Rxc8 Bxh2+ 19. Rxh2 Qxc8 20. Qe6
Qc1+ 21. Bf1 Qc6 22. Qe7+ Rf7 23. Rh7+ Kxh7 24. Ng5+ 1-0

[Event "MCR_SF21"]
[Site "?"]
[Date "2009.??.??"]
[Round "?"]
[White "Slavik, Miroslav"]
[Black "Smolka, Jan"]
[Result "1/2-1/2"]
[WhiteElo "2274"]
[BlackElo "2012"]
[PlyCount "55"]
[EventDate "2009.??.??"]
[EventType "corr"]
[EventRounds "2"]

1. d4 Nf6 2. c4 g6 3. Nc3 d5 4. Nf3 Bg7 5. Bg5 Ne4 6. cxd5 Nxg5 7. Nxg5 e6 8.
Qa4+ c6 9. dxc6 Nxc6 10. Nf3 Bd7 11. Qd1 Qb6 12. Qd2 Nxd4 13. O-O-O Rd8 14.
Nxd4 Bc6 15. e3 e5 16. Qe1 exd4 17. exd4+ Kf8 18. d5 Bxd5 19. Rxd5 Rxd5 20.
Qe7+ Kxe7 21. Nxd5+ Kd6 22. Nxb6 axb6 23. Be2 Rc8+ 24. Kb1 Rc7 25. Rd1+ Ke5 26.
a3 f5 27. h3 Bf8 28. Bf3 1/2-1/2

[Event "MCR_SF21"]
[Site "?"]
[Date "2009.??.??"]
[Round "?"]
[White "Mudra, Oldrich"]
[Black "Smolka, Jan"]
[Result "1/2-1/2"]
[WhiteElo "2175"]
[BlackElo "2023"]
[PlyCount "60"]
[EventDate "2009.??.??"]
[EventType "corr"]
[EventRounds "2"]

1. Nf3 d5 2. d4 Nf6 3. c4 g6 4. cxd5 Nxd5 5. e4 Nb6 6. h3 Bg7 7. Be3 c5 8. Nc3
cxd4 9. Bb5+ Bd7 10. Bxd4 O-O 11. Bxg7 Kxg7 12. O-O Bxb5 13. Nxb5 Qxd1 14.
Rfxd1 Nc6 15. b3 Rfd8 16. Nbd4 Nxd4 17. Rxd4 Rxd4 18. Nxd4 Rc8 19. f4 Kf6 20.
Rf1 e6 21. Nb5 Ke7 22. Nxa7 Ra8 23. Nb5 Rxa2 24. Nd4 Rd2 25. Nf3 Rc2 26. Ra1
Nd7 27. Ra7 Rc7 28. e5 Nc5 29. Nd2 Nd3 30. g3 Nc5 1/2-1/2

[Event "MCR_SF21"]
[Site "?"]
[Date "2009.??.??"]
[Round "?"]
[White "Mudra, Oldrich"]
[Black "Kudr, Roman"]
[Result "1/2-1/2"]
[WhiteElo "2175"]
[BlackElo "2223"]
[PlyCount "52"]
[EventDate "2009.??.??"]
[EventType "corr"]
[EventRounds "2"]

1. Nf3 c5 2. c4 Nf6 3. g3 b6 4. Bg2 Bb7 5. O-O e6 6. Nc3 Be7 7. d4 cxd4 8. Qxd4
d6 9. Rd1 Nc6 10. Qf4 O-O 11. b3 Qb8 12. Ba3 d5 13. Qxb8 Raxb8 14. Bxe7 Nxe7
15. Ne5 dxc4 16. Bxb7 Rxb7 17. Nxc4 Ned5 18. Nxd5 Nxd5 19. Rac1 Rc7 20. e4 Nf6
21. f3 Rfc8 22. Ra1 Kf8 23. e5 Nd5 24. Nd6 Rd8 25. f4 Rdd7 26. a4 Rc5 1/2-1/2

[Event "MCR_SF21"]
[Site "?"]
[Date "2009.??.??"]
[Round "?"]
[White "Kudr, Roman"]
[Black "Smolka, Jan"]
[Result "1/2-1/2"]
[WhiteElo "2223"]
[BlackElo "2023"]
[PlyCount "71"]
[EventDate "2009.??.??"]
[EventType "corr"]
[EventRounds "2"]

1. d4 Nf6 2. c4 g6 3. Nc3 d5 4. cxd5 Nxd5 5. e4 Nxc3 6. bxc3 Bg7 7. Bc4 O-O 8.
Ne2 c5 9. O-O Nc6 10. Be3 Bg4 11. f3 Bd7 12. Rb1 Qc7 13. dxc5 Na5 14. Bb5 Bxb5
15. Rxb5 Nc4 16. Bd4 e5 17. Bf2 a6 18. Rb4 Rfd8 19. Qb3 Na5 20. Qa4 Rac8 21.
Nc1 Bf8 22. Nb3 Nxb3 23. Qxb3 Rb8 24. Kh1 Bxc5 25. Bxc5 Qxc5 26. Rxb7 Rxb7 27.
Qxb7 a5 28. Qb2 Rd6 29. c4 Kg7 30. h3 Qd4 31. Rf2 a4 32. Rc2 a3 33. Qxd4 exd4
34. c5 Rc6 35. Rd2 Rxc5 36. f4 1/2-1/2

[Event "MCR_SF21"]
[Site "?"]
[Date "2009.??.??"]
[Round "?"]
[White "Smolka, Jan"]
[Black "Urban, Miroslav"]
[Result "0-1"]
[WhiteElo "2023"]
[BlackElo "2122"]
[PlyCount "82"]
[EventDate "2009.??.??"]
[EventType "corr"]
[EventRounds "2"]

1. e4 e5 2. Nf3 Nc6 3. Bb5 a6 4. Bxc6 dxc6 5. O-O f6 6. d4 Bg4 7. c3 Bd6 8. Be3
Nh6 9. dxe5 fxe5 10. Nbd2 Nf7 11. Qb3 Qc8 12. c4 c5 13. h3 Be6 14. a4 O-O 15.
a5 Qd7 16. Qc3 Qe7 17. Rad1 h6 18. Rfe1 Rae8 19. Re2 Bc8 20. Nf1 Nd8 21. Ne1
Ne6 22. Red2 Nd4 23. b3 Qh4 24. f3 Be6 25. Qb2 Rb8 26. Qa2 Qh5 27. Qa3 Rbd8 28.
Nh2 Be7 29. Kh1 Bg5 30. Bxg5 Qxg5 31. Rd3 Rd7 32. Nf1 Rd6 33. Qxc5 Bxh3 34.
Rxd4 Rc6 35. Qa7 exd4 36. Qxb7 Qh4 37. g3 Qh5 38. Nh2 Rg6 39. Qxc7 Qg5 40. g4
Qh4 41. Qe5 Bxg4 0-1

[Event "MCR_SF21"]
[Site "?"]
[Date "2009.??.??"]
[Round "?"]
[White "Kudr, Roman"]
[Black "Urban, Miroslav"]
[Result "1/2-1/2"]
[WhiteElo "2223"]
[BlackElo "2122"]
[PlyCount "71"]
[EventDate "2009.??.??"]
[EventType "corr"]
[EventRounds "2"]

1. d4 Nf6 2. c4 g6 3. Nc3 d5 4. cxd5 Nxd5 5. e4 Nxc3 6. bxc3 c5 7. Bb5+ Bd7 8.
Bxd7+ Nxd7 9. Nf3 Bg7 10. O-O O-O 11. Rb1 Qc7 12. Bg5 Rfe8 13. h3 b6 14. Re1
Rac8 15. Rc1 Qb7 16. Qe2 b5 17. Rb1 a6 18. a4 cxd4 19. cxd4 b4 20. a5 Bf8 21.
Bd2 e6 22. Rb2 Nb8 23. Ne5 Red8 24. Qd3 Nc6 25. Nxc6 Qxc6 26. Reb1 Bc5 27. Be3
Qa8 28. Kh1 Qb7 29. Rb3 Bf8 30. Bd2 Qa7 31. Bxb4 Rxd4 32. Qe3 Bxb4 33. Rxb4
Rxb4 34. Qxa7 Rxb1+ 35. Kh2 Rbb8 36. h4 1/2-1/2

[Event "MCR_SF21"]
[Site "?"]
[Date "2009.??.??"]
[Round "?"]
[White "Kudr, Roman"]
[Black "Mudra, Oldrich"]
[Result "1/2-1/2"]
[WhiteElo "2221"]
[BlackElo "2175"]
[PlyCount "62"]
[EventDate "2009.??.??"]
[EventType "corr"]
[EventRounds "2"]

1. d4 Nf6 2. c4 e6 3. Nc3 d5 4. Nf3 dxc4 5. e3 a6 6. a4 b6 7. Bxc4 Bb7 8. O-O
Nbd7 9. Qe2 c5 10. Rd1 Bd6 11. e4 cxd4 12. Nxd4 Qb8 13. g3 O-O 14. f4 e5 15.
Nf5 Bc5+ 16. Kf1 g6 17. Nh6+ Kg7 18. g4 b5 19. axb5 axb5 20. Rxa8 Qxa8 21. Bxb5
Bxe4 22. Nxe4 Nxe4 23. Qg2 exf4 24. Bxf4 Nb6 25. Re1 Nd5 26. Qxe4 Nxf4 27. Qxf4
Qh1+ 28. Ke2 Qg2+ 29. Kd1 Qxb2 30. Qe5+ Qxe5 31. Rxe5 Rd8+ 1/2-1/2

[Event "MCR_SF21"]
[Site "?"]
[Date "2009.??.??"]
[Round "?"]
[White "Mudra, Oldrich"]
[Black "Slavik, Miroslav"]
[Result "1/2-1/2"]
[WhiteElo "2175"]
[BlackElo "2274"]
[PlyCount "58"]
[EventDate "2009.??.??"]
[EventType "corr"]
[EventRounds "2"]

1. Nf3 d5 2. d4 Nf6 3. c4 e6 4. Nc3 c6 5. e3 Nbd7 6. Qc2 Bd6 7. Be2 O-O 8. b3
dxc4 9. bxc4 Re8 10. O-O e5 11. Rd1 Qe7 12. Rb1 b6 13. a4 e4 14. Nd2 Nf8 15. a5
Bf5 16. Nf1 N8d7 17. Ra1 Bb4 18. axb6 axb6 19. Bb2 Bg6 20. Ra4 Rxa4 21. Qxa4
Rc8 22. Ra1 Bd6 23. Ba3 Ne8 24. Bxd6 Nxd6 25. Qb3 Qe6 26. Ra7 f5 27. Qa3 Be8
28. Nd2 Qg6 29. Ra8 h6 1/2-1/2

[Event "MCR_SF21"]
[Site "?"]
[Date "2009.??.??"]
[Round "?"]
[White "Slavik, Miroslav"]
[Black "Mudra, Oldrich"]
[Result "1/2-1/2"]
[WhiteElo "2274"]
[BlackElo "2175"]
[PlyCount "70"]
[EventDate "2009.??.??"]
[EventType "corr"]
[EventRounds "2"]

1. e4 g6 2. d4 Bg7 3. Nf3 d6 4. Nc3 c6 5. Be2 Nf6 6. O-O O-O 7. Bf4 Nbd7 8. Qd2
Qc7 9. e5 Nh5 10. exd6 exd6 11. Ne4 Ndf6 12. Bxd6 Nxe4 13. Bxc7 Nxd2 14. Nxd2
Bxd4 15. Bxh5 gxh5 16. c3 Bb6 17. Bxb6 axb6 18. a3 Rd8 19. Rfd1 Be6 20. h4 f6
21. Ne4 Kf7 22. Re1 Bd5 23. Ng3 Ra4 24. Nf5 Rf4 25. Ne3 Rxh4 26. Rad1 Rd7 27.
f3 Ra4 28. Nxd5 Rxd5 29. Rxd5 cxd5 30. Kf2 h4 31. Rh1 f5 32. g3 Kf6 33. f4
hxg3+ 34. Kxg3 Kg6 35. Rd1 Ra5 1/2-1/2

[Event "MCR_SF21"]
[Site "?"]
[Date "2009.??.??"]
[Round "?"]
[White "Urban, Miroslav"]
[Black "Mudra, Oldrich"]
[Result "1/2-1/2"]
[WhiteElo "2122"]
[BlackElo "2175"]
[PlyCount "63"]
[EventDate "2009.??.??"]
[EventType "corr"]
[EventRounds "2"]

1. c4 Nf6 2. d4 e6 3. Nf3 d5 4. Nc3 c6 5. Bg5 Nbd7 6. e3 Qa5 7. Nd2 Bb4 8. Qc2
O-O 9. a3 dxc4 10. Bxf6 Nxf6 11. Nxc4 Bxc3+ 12. bxc3 Qd5 13. f3 c5 14. a4 cxd4
15. cxd4 b6 16. Ne5 Nd7 17. Bd3 Nxe5 18. Bxh7+ Kh8 19. Be4 Qa5+ 20. Kf2 Ba6 21.
dxe5 Rad8 22. Rhd1 Qxe5 23. f4 Qh5 24. a5 bxa5 25. Bf3 Qh4+ 26. Kg1 Bb5 27. Qc7
a6 28. Qxa5 Qf6 29. Qc7 Rc8 30. Qb6 Rfe8 31. Ra2 g5 32. fxg5 1/2-1/2

[Event "MCR_SF21"]
[Site "?"]
[Date "2009.??.??"]
[Round "?"]
[White "Mudra, Oldrich"]
[Black "Urban, Miroslav"]
[Result "1-0"]
[WhiteElo "2175"]
[BlackElo "2122"]
[PlyCount "64"]
[EventDate "2009.??.??"]
[EventType "corr"]
[EventRounds "2"]

1. d4 Nf6 2. c4 g6 3. Nf3 Bg7 4. g3 O-O 5. Bg2 Na6 6. O-O d5 7. cxd5 Qxd5 8.
Nc3 Qa5 9. e4 c6 10. h3 Be6 11. Qe2 Nc7 12. Rd1 Rfd8 13. Bd2 Qa6 14. Qe1 Nfe8
15. Bg5 f6 16. Bf4 Rac8 17. a4 Bc4 18. b4 b6 19. b5 Qb7 20. bxc6 Qxc6 21. d5
Qd7 22. Nd2 Bd3 23. Qe3 Ba6 24. a5 g5 25. Bxc7 Qxc7 26. Rdc1 bxa5 27. Nf3 e5
28. dxe6 Qb6 29. Nd5 Qxe3 30. fxe3 Rxc1+ 31. Rxc1 Rb8 32. Nd4 Bd3 1-0

[Event "MCR_SF21"]
[Site "?"]
[Date "2009.??.??"]
[Round "?"]
[White "Urban, Miroslav"]
[Black "Slavik, Miroslav"]
[Result "1-0"]
[WhiteElo "2122"]
[BlackElo "2274"]
[PlyCount "67"]
[EventDate "2009.??.??"]
[EventType "corr"]
[EventRounds "2"]

1. c4 e5 2. Nc3 Nf6 3. Nf3 Nc6 4. g3 d5 5. cxd5 Nxd5 6. Bg2 Be6 7. O-O f5 8.
Qb3 e4 9. Ng5 Bg8 10. Qxb7 Ndb4 11. Qb5 Qxg5 12. d3 Qf6 13. dxe4 Rb8 14. Qa4
Rb6 15. Be3 Ra6 16. Qb5 Ra5 17. Qb7 Bd6 18. e5 Nxe5 19. Rad1 Nxa2 20. Nb5 Rxb5
21. Qxb5+ Ke7 22. f4 Nd7 23. Bd4 Qg6 24. e4 a6 25. Qb7 Be6 26. e5 Bb4 27. Bf2
Rd8 28. Qxc7 Ke8 29. Bb6 Be7 30. Ba5 Kf8 31. Rd6 Re8 32. Bd5 Bxd6 33. Qxd6+ Re7
34. Bd8 1-0

[Event "MCR_SF21"]
[Site "?"]
[Date "2009.??.??"]
[Round "?"]
[White "Slavik, Miroslav"]
[Black "Urban, Miroslav"]
[Result "0-1"]
[WhiteElo "2274"]
[BlackElo "2122"]
[PlyCount "76"]
[EventDate "2009.??.??"]
[EventType "corr"]
[EventRounds "2"]

1. e4 e5 2. Nf3 Nc6 3. Bc4 Bc5 4. d3 Nf6 5. O-O d6 6. c3 O-O 7. b4 Bb6 8. a4 a5
9. b5 Ne7 10. Bg5 Ng6 11. Nbd2 h6 12. Be3 Bxe3 13. fxe3 c6 14. bxc6 bxc6 15.
Qe1 Rb8 16. Nh4 Nxh4 17. Qxh4 Rb2 18. Qe1 Qc7 19. d4 d5 20. Bd3 Re8 21. Rb1 Ra2
22. Rc1 Qd6 23. Nf3 dxe4 24. Bb1 Rxg2+ 25. Kxg2 exf3+ 26. Rxf3 c5 27. dxc5 Qxc5
28. e4 Nh5 29. Kh1 Bg4 30. Re3 Rb8 31. Ba2 Rb2 32. Bd5 Nf4 33. Rg3 h5 34. Qg1
Rf2 35. Rc2 Rxc2 36. Qxc5 Rc1+ 37. Qg1 Rxg1+ 38. Kxg1 Ne2+ 0-1

[Event "MCR_SF21"]
[Site "?"]
[Date "2009.??.??"]
[Round "?"]
[White "Urban, Miroslav"]
[Black "Smolka, Jan"]
[Result "1-0"]
[WhiteElo "2122"]
[BlackElo "2023"]
[PlyCount "107"]
[EventDate "2009.??.??"]
[EventType "corr"]
[EventRounds "2"]

1. c4 e5 2. Nc3 Bb4 3. a3 Bxc3 4. dxc3 d6 5. e4 Nf6 6. Bd3 O-O 7. Bg5 h6 8. Bh4
a5 9. a4 Nbd7 10. f3 Nc5 11. Bc2 Ne6 12. Ne2 b6 13. O-O Rb8 14. Qe1 Re8 15. b3
Nf8 16. f4 N8h7 17. f5 Rf8 18. Qc1 Bb7 19. Ng3 Qd7 20. Re1 Ra8 21. Nh1 Rac8 22.
Nf2 Qc6 23. Bd1 Rb8 24. Qd2 Rfe8 25. Bf3 Rec8 26. Ng4 Nxg4 27. Bxg4 Qd7 28. Bh5
f6 29. Bf2 Ng5 30. Qc2 Bxe4 31. Rxe4 Qxf5 32. Re2 Nh3+ 33. gxh3 Qxh5 34. h4 f5
35. h3 Kh8 36. Kh2 Rf8 37. Rg1 Rbe8 38. Ree1 Re6 39. c5 bxc5 40. b4 Qf7 41.
bxc5 d5 42. Qb3 c6 43. Rb1 f4 44. Qb7 Qf6 45. Qd7 Re7 46. Qg4 Re6 47. h5 f3 48.
c4 e4 49. cxd5 cxd5 50. Rb6 Rxb6 51. cxb6 Qe5+ 52. Qg3 Qb2 53. Kh1 Rf7 54. Qg4
1-0

[Event "MCR_SF21"]
[Site "?"]
[Date "2009.??.??"]
[Round "?"]
[White "Goc, Pavel"]
[Black "Mudra, Oldrich"]
[Result "1-0"]
[WhiteElo "2012"]
[BlackElo "2175"]
[PlyCount "77"]
[EventDate "2009.??.??"]
[EventType "corr"]
[EventRounds "2"]

1. d4 Nf6 2. Nf3 d5 3. e3 c6 4. Bd3 Bg4 5. h3 Bh5 6. c4 dxc4 7. Bxc4 e6 8. Qb3
Qc7 9. Nbd2 Nbd7 10. O-O Be7 11. e4 O-O 12. Re1 Rac8 13. Bxe6 fxe6 14. Qxe6+
Rf7 15. Ng5 Nd5 16. Nxf7 Bxf7 17. Qg4 Nb4 18. Nb3 Nc2 19. Bh6 Bf8 20. Bf4 Qd8
21. e5 Nb6 22. e6 Bg6 23. Rac1 Nxe1 24. Rxe1 Be7 25. Be5 Nc4 26. f4 Nxe5 27.
fxe5 Bb1 28. Rxb1 c5 29. Rf1 cxd4 30. Rf7 g6 31. Nxd4 Rc1+ 32. Kh2 Rc4 33. Rf4
Qd5 34. b3 Rc7 35. Nf3 Rc6 36. Rd4 Qxe6 37. Qxe6+ Rxe6 38. Rd7 Bc5 39. Rxb7 1-0

[Event "MCR_SF21"]
[Site "?"]
[Date "2009.??.??"]
[Round "?"]
[White "Mudra, Oldrich"]
[Black "Goc, Pavel"]
[Result "1-0"]
[WhiteElo "2175"]
[BlackElo "2012"]
[PlyCount "80"]
[EventDate "2009.??.??"]
[EventType "corr"]
[EventRounds "2"]

1. Nf3 d5 2. d4 Nf6 3. c4 e6 4. Nc3 c5 5. cxd5 Nxd5 6. e3 Nc6 7. Bc4 Nb6 8. Bd3
cxd4 9. exd4 Be7 10. O-O O-O 11. a3 Bf6 12. Be3 Bd7 13. b4 Rc8 14. Rc1 Nd5 15.
Ne4 Nce7 16. Rxc8 Bxc8 17. Re1 b6 18. Qa4 Qd7 19. Bb5 Qb7 20. Rc1 Qb8 21. Nxf6+
Nxf6 22. Bf1 Nf5 23. Bd3 Ng4 24. Bxf5 exf5 25. Qb5 Nxe3 26. fxe3 Be6 27. Qe5
Qa8 28. Ng5 Rc8 29. Rxc8+ Qxc8 30. d5 Bd7 31. Nf3 h6 32. h3 f6 33. Qe7 a6 34.
Qd6 b5 35. Nd4 Qc3 36. Kf2 Bc8 37. Qe7 f4 38. Qe8+ Kh7 39. Qe4+ Kh8 40. Qxf4
Qd2+ 1-0

[Event "MCR_SF21"]
[Site "?"]
[Date "2009.??.??"]
[Round "?"]
[White "Smolka, Jan"]
[Black "Mudra, Oldrich"]
[Result "1-0"]
[WhiteElo "2023"]
[BlackElo "2175"]
[PlyCount "99"]
[EventDate "2009.??.??"]
[EventType "corr"]
[EventRounds "2"]

1. d4 Nf6 2. Nf3 d5 3. e3 c6 4. Bd3 Bg4 5. O-O e6 6. c4 Nbd7 7. h3 dxc4 8. Bxc4
Bh5 9. Nc3 Qc7 10. e4 Be7 11. Be3 O-O 12. Rc1 e5 13. Be2 Rfd8 14. Nd5 Nxd5 15.
exd5 Rab8 16. dxe5 Nxe5 17. Nxe5 Bxe2 18. Qxe2 Qxe5 19. dxc6 bxc6 20. b3 Rbc8
21. Rfd1 Bd6 22. Qf3 c5 23. g3 Qe7 24. Rd5 Re8 25. Kg2 Qf8 26. Qg4 Qe7 27. Rcd1
Rc6 28. Re1 Qe6 29. Qxe6 fxe6 30. Rd2 c4 31. Rc2 Rec8 32. Bxa7 e5 33. Rb1 Bb4
34. bxc4 Rxc4 35. Rxc4 Rxc4 36. Be3 Ba3 37. Rb7 e4 38. Ra7 Bb2 39. Kf1 Bd4 40.
Bxd4 Rxd4 41. Ke2 Rd3 42. h4 g6 43. a4 Ra3 44. a5 h6 45. Ra8+ Kh7 46. g4 Kg7
47. a6 Kf7 48. Kd2 Kf6 49. g5+ hxg5 50. a7 1-0

[Event "MCR_SF21"]
[Site "?"]
[Date "2009.??.??"]
[Round "?"]
[White "Urban, Miroslav"]
[Black "Kudr, Roman"]
[Result "1-0"]
[WhiteElo "2122"]
[BlackElo "2223"]
[PlyCount "95"]
[EventDate "2009.??.??"]
[EventType "corr"]
[EventRounds "2"]

1. c4 Nf6 2. d4 e6 3. Nf3 d5 4. Nc3 c6 5. Bg5 h6 6. Bh4 dxc4 7. e4 g5 8. Bg3 b5
9. Be2 Bb7 10. h4 g4 11. Ne5 h5 12. O-O Nbd7 13. Qc2 Be7 14. Rfd1 Nb6 15. a4 a6
16. Rab1 Rc8 17. b3 cxb3 18. Qxb3 O-O 19. Qc2 Nfd7 20. Qc1 Kh7 21. Nd3 Ba8 22.
Nc5 a5 23. axb5 Bxh4 24. Bxh4 Qxh4 25. Nxd7 Nxd7 26. b6 Bb7 27. Ra1 Ra8 28. Qf4
Qd8 29. Na4 Kg6 30. Nc5 Nxc5 31. dxc5 Qg5 32. Qxg5+ Kxg5 33. Rd7 Rfb8 34. Rxf7
a4 35. e5 Ba6 36. Bxa6 Rxa6 37. f4+ gxf3 38. gxf3 Ra5 39. Kh2 Kg6 40. Rf6+ Kh7
41. Rxe6 Rxc5 42. Rxa4 Rb7 43. Kh3 Rb5 44. Kh4 R5xb6 45. Kxh5 Kg8 46. Kg6 Rg7+
47. Kf5 Rf7+ 48. Rf6 1-0

[Event "MCR_SF21"]
[Site "?"]
[Date "2009.??.??"]
[Round "?"]
[White "Goc, Pavel"]
[Black "Slavik, Miroslav"]
[Result "1/2-1/2"]
[WhiteElo "2012"]
[BlackElo "2274"]
[PlyCount "73"]
[EventDate "2009.??.??"]
[EventType "corr"]
[EventRounds "2"]

1. d4 d5 2. Nf3 Nf6 3. e3 e6 4. Bd3 Nbd7 5. Nbd2 c5 6. c3 Bd6 7. O-O O-O 8. Re1
Qc7 9. e4 dxe4 10. Nxe4 Nxe4 11. Rxe4 c4 12. Bc2 Rd8 13. Bg5 Re8 14. Qd2 b5 15.
Rh4 Nf8 16. Re1 Bb7 17. Ne5 f6 18. Bxf6 gxf6 19. Rg4+ Kh8 20. Qh6 Bxe5 21. dxe5
Re7 22. exf6 Rf7 23. Re3 Rd8 24. Kf1 Ng6 25. Rxg6 Qd7 26. Rg4 Qd2 27. Qg7+ Rxg7
28. fxg7+ Kg8 29. Bxh7+ Kf7 30. g8=Q+ Rxg8 31. Bxg8+ Ke8 32. Bxe6 Qd1+ 33. Re1
Qd3+ 34. Re2 Qd1+ 35. Re1 Qd3+ 36. Re2 Qd1+ 37. Re1 1/2-1/2

[Event "MCR_SF21"]
[Site "?"]
[Date "2009.??.??"]
[Round "?"]
[White "Slavik, Miroslav"]
[Black "Kudr, Roman"]
[Result "0-1"]
[WhiteElo "2274"]
[BlackElo "2223"]
[PlyCount "90"]
[EventDate "2009.??.??"]
[EventType "corr"]
[EventRounds "2"]

1. e4 c5 2. Nc3 Nc6 3. Nge2 e6 4. d4 cxd4 5. Nxd4 Nf6 6. a3 Be7 7. Nxc6 bxc6 8.
e5 Nd5 9. Qg4 g6 10. Qg3 Qa5 11. Bd2 Rb8 12. Bd3 Rxb2 13. Nd1 Bb4 14. O-O Bxd2
15. Nxb2 Bf4 16. Qf3 Qc3 17. Nc4 O-O 18. Rab1 Bxe5 19. Rb3 Qd4 20. Nxe5 Qxe5
21. Bc4 Nb6 22. Be2 d5 23. a4 Qd6 24. Qf6 d4 25. Rd1 c5 26. Bf3 Ba6 27. c3 d3
28. Rbb1 Rd8 29. Qh4 Kg7 30. a5 Nd5 31. Bxd5 exd5 32. Qg5 c4 33. Qd2 d4 34.
Rbc1 Re8 35. cxd4 Qxd4 36. h4 Qxh4 37. Re1 Rd8 38. f4 Rd4 39. Rf1 Qf6 40. Rf2
Rd5 41. Rc3 Qd4 42. Rc1 Bb5 43. Rc3 g5 44. Kf1 Rf5 45. g3 Qe4 0-1

[Event "MCR_SF21"]
[Site "?"]
[Date "2009.??.??"]
[Round "?"]
[White "Urban, Miroslav"]
[Black "Goc, Pavel"]
[Result "1-0"]
[WhiteElo "2122"]
[BlackElo "2012"]
[PlyCount "81"]
[EventDate "2009.??.??"]
[EventType "corr"]
[EventRounds "2"]

1. c4 e5 2. Nc3 Nc6 3. Nf3 f5 4. d4 e4 5. Ng5 Nf6 6. e3 g6 7. Nh3 Bg7 8. Nf4
O-O 9. Be2 b6 10. h4 Re8 11. h5 g5 12. h6 Bh8 13. Nh3 g4 14. Nf4 Bb7 15. Qb3
Na5 16. Qa3 d6 17. b4 Nc6 18. Qb3 Ne7 19. b5 a6 20. c5+ d5 21. cxb6 cxb6 22.
bxa6 Bxa6 23. Ba3 Bxe2 24. Kxe2 Ra5 25. Bb4 Ra6 26. Bxe7 Rxe7 27. Ncxd5 Nxd5
28. Nxd5 Rf7 29. Rac1 Kf8 30. Nf4 Qa8 31. Ne6+ Ke7 32. Rc7+ Kd6 33. Rhc1 Rxa2+
34. Kf1 Qa6+ 35. Kg1 Ra1 36. Qb4+ Kxe6 37. R7c6+ Kd7 38. Rd6+ Ke8 39. Re6+ Kd8
40. Qd6+ Rd7 41. Qf8# 1-0

[Event "MCR_SF21"]
[Site "?"]
[Date "2009.??.??"]
[Round "?"]
[White "Kudr, Roman"]
[Black "Goc, Pavel"]
[Result "1-0"]
[WhiteElo "2223"]
[BlackElo "2012"]
[PlyCount "79"]
[EventDate "2009.??.??"]
[EventType "corr"]
[EventRounds "2"]

1. d4 Nf6 2. c4 e5 3. dxe5 Ng4 4. Bf4 Nc6 5. Nf3 Bb4+ 6. Nc3 Bxc3+ 7. bxc3 Qe7
8. Qd5 f6 9. exf6 Nxf6 10. Qd3 d6 11. g3 O-O 12. Bg2 Bg4 13. O-O Rae8 14. Rae1
Kh8 15. Bg5 Qe6 16. Bxf6 Rxf6 17. Ng5 Qf5 18. h4 Ne5 19. Qxf5 Bxf5 20. Bxb7
Nxc4 21. e4 Bg6 22. f4 Na5 23. Bd5 c6 24. f5 Bh5 25. Be6 Re7 26. e5 dxe5 27.
Re4 h6 28. g4 hxg5 29. hxg5 Rfxe6 30. fxe6 Be8 31. Ra4 Nc4 32. Rxc4 Rxe6 33.
Re1 Bg6 34. Kf2 Bd3 35. Rd4 exd4 36. Rxe6 dxc3 37. g6 Bc4 38. Re8+ Bg8 39. Ke3
c2 40. Kd2 1-0

[Event "MCR_SF21"]
[Site "?"]
[Date "2009.??.??"]
[Round "?"]
[White "Slavik, Miroslav"]
[Black "Goc, Pavel"]
[Result "1-0"]
[WhiteElo "2274"]
[BlackElo "2012"]
[PlyCount "81"]
[EventDate "2009.??.??"]
[EventType "corr"]
[EventRounds "2"]

1. d4 Nf6 2. Nf3 d5 3. c4 e6 4. e3 Be7 5. Be2 O-O 6. O-O b6 7. cxd5 exd5 8. Nc3
c5 9. b3 Bb7 10. Bb2 Nbd7 11. dxc5 bxc5 12. Qc2 Qb6 13. Rfd1 Rac8 14. Rac1 Rfd8
15. Qf5 Qe6 16. Bd3 g6 17. Qxe6 fxe6 18. Ne2 Bd6 19. Ng5 Re8 20. h3 a6 21. h4
Ng4 22. Nf4 Rc6 23. h5 Bxf4 24. exf4 Nf8 25. hxg6 hxg6 26. Rc2 Rec8 27. Rdc1
Nh6 28. Ba3 Nd7 29. Bxg6 Kg7 30. Bh5 Kf6 31. Re1 e5 32. g4 Rg8 33. f3 Rg7 34.
Rce2 exf4 35. Bb2+ Kxg5 36. Bxg7 Nf5 37. gxf5 Kxh5 38. Rg2 Nf6 39. Bxf6 Rxf6
40. Kf2 Rxf5 41. Rh1# 1-0

[Event "MCR_SF21"]
[Site "?"]
[Date "2009.??.??"]
[Round "?"]
[White "Kudr, Roman"]
[Black "Slavik, Miroslav"]
[Result "1-0"]
[WhiteElo "2223"]
[BlackElo "2274"]
[PlyCount "103"]
[EventDate "2009.??.??"]
[EventType "corr"]
[EventRounds "2"]

1. d4 d5 2. c4 dxc4 3. Nf3 Nf6 4. e3 Be6 5. Nc3 c6 6. Ng5 Bf5 7. Bxc4 e6 8. O-O
h6 9. Nf3 Nbd7 10. Qe2 Bg4 11. h3 Bh5 12. Bd3 Qe7 13. Rd1 g5 14. e4 e5 15. d5
g4 16. hxg4 Bxg4 17. dxc6 bxc6 18. Bc2 Nb6 19. Be3 Nfd7 20. Rd3 Qf6 21. Bd1 Rg8
22. Rc1 h5 23. Nb1 h4 24. Nbd2 Be7 25. Rdc3 c5 26. Kh1 Qg7 27. Qf1 f5 28. Bb3
Rh8 29. exf5 Bxf5 30. Qb5 a6 31. Qc6 Rb8 32. Re1 Rc8 33. Qb7 Kf8 34. Nxe5 Qxe5
35. Bh6+ Rxh6 36. Rxe5 Nxe5 37. Re3 Ned7 38. Nc4 Rb8 39. Qf3 Rf6 40. Qh5 Be6
41. Qh8+ Kf7 42. Qh7+ Ke8 43. Na5 Nf8 44. Qh5+ Kd7 45. Rd3+ Bd6 46. Qg5 c4 47.
Bxc4 Nxc4 48. Qxf6 Nxa5 49. Rxd6+ Kxd6 50. Qf4+ Kd5 51. Qxb8 Nd7 52. Qa8+ 1-0

[Event "MCR_SF21"]
[Site "?"]
[Date "2009.??.??"]
[Round "?"]
[White "Smolka, Jan"]
[Black "Kudr, Roman"]
[Result "1-0"]
[WhiteElo "2023"]
[BlackElo "2223"]
[PlyCount "111"]
[EventDate "2009.??.??"]
[EventType "corr"]
[EventRounds "2"]

1. d4 d5 2. Nf3 Nf6 3. e3 g6 4. Bd3 Bg7 5. O-O O-O 6. Nbd2 Nc6 7. c4 Nb4 8. Be2
a5 9. a3 Nc6 10. b3 Bg4 11. cxd5 Qxd5 12. Bb2 Bf5 13. Rc1 Qd8 14. h3 Na7 15.
Re1 Nc8 16. d5 Nd6 17. g4 Bd7 18. e4 a4 19. Bf1 h5 20. g5 Nfe8 21. e5 Nf5 22.
Ne4 c6 23. Nc5 cxd5 24. Nxb7 Qb8 25. Nc5 Bc8 26. Nxa4 Nc7 27. Bd3 e6 28. Nd4
Bd7 29. Nc5 Rd8 30. Nxd7 Rxd7 31. Nc6 Qb7 32. b4 Bf8 33. Rc2 Ne7 34. Nd4 Ne8
35. Qe2 Ng7 36. Rec1 Qb6 37. Kh1 h4 38. Nc6 Nxc6 39. Rxc6 Qb8 40. Qf3 Qa7 41.
Kg2 Rad8 42. Qf4 d4 43. Qxh4 Qa4 44. Qg4 Qb3 45. Qe2 Nh5 46. Kf3 Qd5+ 47. Qe4
Qb3 48. R1c2 Ng7 49. Kg2 Nf5 50. Rd2 Qa4 51. Rc1 Bg7 52. Kh2 Qa7 53. f4 Qb8 54.
Qf3 Ne3 55. h4 Nd5 56. Kg3 1-0

[Event "MCR_SF21"]
[Site "?"]
[Date "2009.??.??"]
[Round "?"]
[White "Goc, Pavel"]
[Black "Urban, Miroslav"]
[Result "0-1"]
[WhiteElo "2012"]
[BlackElo "2122"]
[PlyCount "102"]
[EventDate "2009.??.??"]
[EventType "corr"]
[EventRounds "2"]

1. e4 e5 2. Nf3 Nc6 3. Bb5 a6 4. Ba4 Nf6 5. O-O Be7 6. Re1 b5 7. Bb3 d6 8. c3
Na5 9. Bc2 c5 10. d4 Qc7 11. Nbd2 Nc6 12. d5 Na5 13. Nf1 O-O 14. h3 Nc4 15. Ne3
Nxe3 16. Bxe3 Bd7 17. Nh2 c4 18. Ng4 Nxg4 19. hxg4 Qd8 20. g3 h6 21. Kg2 Qc8
22. f3 Bg5 23. Bxg5 hxg5 24. Rh1 f6 25. Qg1 b4 26. Qh2 Qc5 27. Qh7+ Kf7 28.
Qh5+ Ke7 29. Qg6 Rf7 30. Raf1 bxc3 31. bxc3 Qe3 32. Rh7 Rb8 33. Rxg7 Rxg7 34.
Qxg7+ Kd8 35. Rf2 Rb2 36. Qxf6+ Kc7 37. f4 Rxc2 38. Rxc2 Qxe4+ 39. Kg1 Qxc2 40.
fxe5 Qd1+ 41. Kf2 Qd2+ 42. Kf1 Qxd5 43. exd6+ Kc6 44. Qf8 Qd3+ 45. Kf2 Qc2+ 46.
Kf1 Qxc3 47. Qa8+ Kxd6 48. Qf8+ Kd5 49. Qg8+ Ke4 50. Qa8+ Ke3 51. Qb7 Qd4 0-1